| 000 | 01194cam a22003617a 4500 | ||
|---|---|---|---|
| 001 | 14814094 | ||
| 003 | OSt | ||
| 005 | 20140310182733.0 | ||
| 008 | 070419s2000 maua b u001 0 eng d | ||
| 010 | _a 2007273441 | ||
| 020 | _a9812405518 | ||
| 020 | _a1418836125 (hbk. student ed.) | ||
| 035 | _a(OCoLC)ocm71891061 | ||
| 040 |
_aYDXCP _cYDXCP _dOCLCQ _dIAY _dOCLCQ _dBAKER _dDLC |
||
| 042 | _alccopycat | ||
| 050 | 0 | 0 |
_aQA 76.9.S88 _b.Sa84 2000 |
| 100 | 1 | _aSatzinger, John W. | |
| 245 | 1 | 0 |
_aSystems analysis and design in a changing world / _cJohn W. Satzinger, Robert B. Jackson, Stephen D. Burd. |
| 260 |
_aBoston, Mass. : _bThomson Course Technology, _c2000. |
||
| 300 |
_axxxii, 638 p. : _bill. ; _c29 cm. |
||
| 500 | _5DLC | ||
| 504 | _aIncludes bibliographical references and index. | ||
| 521 | _aIT | ||
| 562 | _eFor Circulation. 1 copy in the collection | ||
| 650 | 0 | _aSystem analysis. | |
| 650 | 0 | _aSystem design. | |
| 700 | 1 |
_aJackson, Robert B., _d1942- |
|
| 700 | 1 | _aBurd, Stephen D. | |
| 906 |
_a7 _bcbc _ccopycat _d3 _encip _f20 _gy-gencatlg |
||
| 942 |
_2lcc _cBK _kFOR |
||
| 999 |
_c15476 _d15476 |
||